Texans TRIVIA - Statistics

General Stats
  • This quiz has been taken 26 times
  • The average score is 10 of 15
Answer Stats
Hint Answer % Correct
Who is the Texans Mascot toro
91%
Superbowl Apperences 0
86%
Current coach Demeco Ryans
86%
Texans quaterback C.J. Stroud
82%
All time receiving leader Andre Johnson
77%
Hall of Fame Wide Reciver Andre Johnson
77%
Who is the Texans all time leading rusher Arian Foster
77%
All time passing leader Matt Schaub
68%
The Milkman J.J. Watt
59%
Who did the Texans beat in their first game Cowboys
55%
Wide Reciver who scored his first touchdown after a battle with cancer John Metchie
55%
What position does the All time leading scorer play Kicker
55%
All time leading scorer Ka'imi Fairbairn
41%
Winningest coach Gary Kubiak
36%
Playoff Record 5-7
14%
No matching quizzes found
Score Distribution
Percent of People with Each Score
Percentile by Number Answered
Your Score History
You have not taken this quiz